Biophysical Applications of Satellite Remote Sensing

A variety of biophysical applications (e.g. leaf area index and gross primary productivity) have been derived from measurements of the Earth system obtained remotely by NASA’s MODIS sensors and other satellite platforms. In Biophysical Applications of Satellite Remote Sensing, the authors describe m...

Πλήρης περιγραφή

Λεπτομέρειες βιβλιογραφικής εγγραφής
Συγγραφή απο Οργανισμό/Αρχή: SpringerLink (Online service)
Άλλοι συγγραφείς: Hanes, Jonathan M. (Επιμελητής έκδοσης)
Μορφή: Ηλεκτρονική πηγή Ηλ. βιβλίο
Γλώσσα:English
Έκδοση: Berlin, Heidelberg : Springer Berlin Heidelberg : Imprint: Springer, 2014.
Σειρά:Springer Remote Sensing/Photogrammetry,
Θέματα:
Διαθέσιμο Online:Full Text via HEAL-Link
LEADER 02591nam a22004935i 4500
001 978-3-642-25047-7
003 DE-He213
005 20151120140958.0
007 cr nn 008mamaa
008 131226s2014 gw | s |||| 0|eng d
020 |a 9783642250477  |9 978-3-642-25047-7 
024 7 |a 10.1007/978-3-642-25047-7  |2 doi 
040 |d GrThAP 
050 4 |a GA102.4.R44 
050 4 |a G70.39-70.6 
072 7 |a RGW  |2 bicssc 
072 7 |a TEC036000  |2 bisacsh 
082 0 4 |a 910.285  |2 23 
245 1 0 |a Biophysical Applications of Satellite Remote Sensing  |h [electronic resource] /  |c edited by Jonathan M. Hanes. 
264 1 |a Berlin, Heidelberg :  |b Springer Berlin Heidelberg :  |b Imprint: Springer,  |c 2014. 
300 |a XIV, 230 p. 56 illus., 37 illus. in color.  |b online resource. 
336 |a text  |b txt  |2 rdacontent 
337 |a computer  |b c  |2 rdamedia 
338 |a online resource  |b cr  |2 rdacarrier 
347 |a text file  |b PDF  |2 rda 
490 1 |a Springer Remote Sensing/Photogrammetry,  |x 2198-0721 
520 |a A variety of biophysical applications (e.g. leaf area index and gross primary productivity) have been derived from measurements of the Earth system obtained remotely by NASA’s MODIS sensors and other satellite platforms. In Biophysical Applications of Satellite Remote Sensing, the authors describe major applications of satellite remote sensing for studying Earth's biophysical phenomena. The focus of the book lies on the broad palette of specific applications (metrics) of biophysical activity derived using satellite remote sensing. With in-depth discussions of satellite-derived biophysical metrics that focus specifically on theory, methodology, validation, major findings, and directions of future research, this book provides an excellent resource for remote sensing specialists, ecologists, geographers, biologists, climatologists, and environmental scientists. 
650 0 |a Geography. 
650 0 |a Remote sensing. 
650 0 |a Biophysics. 
650 0 |a Biological physics. 
650 0 |a Environment. 
650 1 4 |a Geography. 
650 2 4 |a Remote Sensing/Photogrammetry. 
650 2 4 |a Biophysics and Biological Physics. 
650 2 4 |a Environment, general. 
700 1 |a Hanes, Jonathan M.  |e editor. 
710 2 |a SpringerLink (Online service) 
773 0 |t Springer eBooks 
776 0 8 |i Printed edition:  |z 9783642250460 
830 0 |a Springer Remote Sensing/Photogrammetry,  |x 2198-0721 
856 4 0 |u http://dx.doi.org/10.1007/978-3-642-25047-7  |z Full Text via HEAL-Link 
912 |a ZDB-2-EES 
950 |a Earth and Environmental Science (Springer-11646)